Book quiz: The Shining - Statistics

General Stats
  • This quiz has been taken 40 times
    39 since last reset
  • The average score is 7 of 10
Answer Stats
Question Answer % Correct
Jack Torrance is a writer who hopes to finish a play over the: Winter
100%
Halloran saves who from what? Danny and Wendy from Jack
96%
Eventually, the hotel takes control of Jack. It begins to work on him the way it did on Delbert Grady, a former: Caretaker
92%
What is the name of the hotel? Overlook Hotel
92%
What is the famous weapon in the movie during the Here's Johnny scene? Ax
88%
Jack then Begins to pick up a habit of: Drinking
88%
What colour is the carpet of the lobby in the hotel? Orange, Red and Brown
68%
Jack badly injures Wendy and Halloran. The Hotel then: Explodes
64%
In the Epilogue, Danny, Wendy, and Halloran are in: Maine
28%
Danny—whose middle name is Anthony—learns that Tony is a version of himself from the future, who is always trying to warn him of impending: Violence
24%
No matching quizzes found
Score Distribution
Percent of People with Each Score
Percentile by Number Answered
Your Score History
You have not taken this quiz since the last reset